हिन्दी का पक्ष / (Record no. 10987)

MARC details
000 -LEADER
fixed length control field 01089 a2200217 4500
005 - DATE AND TIME OF LATEST TRANSACTION
control field 20080829171554.0
008 - FIXED-LENGTH DATA ELEMENTS--GENERAL INFORMATION
fixed length control field 080829t xxu||||| |||| 00| 0 hin d
010 ## - LIBRARY OF CONGRESS CONTROL NUMBER
LC control number HIN-82765
020 ## - INTERNATIONAL STANDARD BOOK NUMBER
International Standard Book Number 9788187482840
Terms of availability 180.00
035 ## - SYSTEM CONTROL NUMBER
System control number HN-55111
037 ## - SOURCE OF ACQUISITION
Source of stock number/acquisition पु.प्र.अ.प्र/प्रका
082 ## - DEWEY DECIMAL CLASSIFICATION NUMBER
Classification number 420
100 ## - MAIN ENTRY--PERSONAL NAME
Personal name बिष्ट, पंकज
245 ## - TITLE STATEMENT
Title हिन्दी का पक्ष /
Statement of responsibility, etc पंकज बिष्ट
246 ## - VARYING FORM OF TITLE
Title proper/short title Hindi ka Paksha
Remainder of title by Pankaj Bisht
260 ## - PUBLICATION, DISTRIBUTION, ETC. (IMPRINT)
Place of publication, distribution, etc बीकानेर
Name of publisher, distributor, etc वाग्देवी प्रकाशन
Date of publication, distribution, etc 2008
270 ## - ADDRESS
Address विनायक शिखर पॉलिटेक्निक कॉलेज के पास
City बीकानेर
Postal code 334003
Electronic mail address vagdevibooks@gmail.com
300 ## - PHYSICAL DESCRIPTION
Extent 151पृ
Dimensions 22 सेमी (सजिल्द)
942 ## - ADDED ENTRY ELEMENTS (KOHA)
Institution code [OBSOLETE] dpl
Koha item type Hindi Books
Call number prefix 420 / बिष्टपं
Source of classification or shelving scheme Dewey Decimal Classification
Classification part 420
Call number suffix बिष्टपं
Holdings
Withdrawn status Lost status Damaged status Not for loan Home library Current library Date acquired Cost, normal purchase price Total Checkouts Full call number Barcode Date last seen Copy number Uniform Resource Identifier Cost, replacement price Price effective from Koha item type
        D.B.Act.Division D.B.Act.Division   180.00   420 बिष्टपं HN-55111 15/09/2008 1 12090 180.00 15/09/2008 Hindi Books

© Delhi Public Library
Hit Counter
free hit counter